000 00694nam a2200289Ia 4500
005 20260324122244.0
008 008 260324s9999 xx 000 0 eng d
020 _a9781315216492
037 _aEBOOK
040 _aCRL
040 _beng
040 _cCRL
041 _2eng
041 _aeng
084 _qCRL
100 _aAnupama B. Kaul
_91165738
245 0 _aMicroelectronics to Nanoelectronics
245 0 _bMaterials, Devices & Manufacturability
260 _bTaylor and Francis
260 _c2013
365 _a
365 _b435
856 _uhttp://www.taylorfrancis.com/books/9781315216492
942 _cEBOOK
999 _c1758328
_d1758328